| 000 | 00409nam a2200157Ia 4500 | ||
|---|---|---|---|
| 008 | 230312s9999||||xx |||||||||||||| ||und|| | ||
| 020 | _a0-256-02213-5 | ||
| 082 |
_a658.72 _bSTE |
||
| 100 | _aSteinmetz & Todd | ||
| 245 | 0 | _aFirst Line Management | |
| 260 |
_bBusiness Publications, INC. _aUSA _c1979 |
||
| 300 | _a445 | ||
| 546 | _aEng. | ||
| 650 |
_aManagement _vThe Supervision of People, |
||
| 942 | _cBK | ||
| 999 |
_c386 _d386 |
||